| 000 | 00411nam a22001577a 4500 | ||
|---|---|---|---|
| 003 | OSt | ||
| 005 | 20211025161915.0 | ||
| 008 | 211025b |||||||| |||| 00| 0 eng d | ||
| 020 | _a047131640 | ||
| 040 |
_aHU _cDDC |
||
| 082 |
_2SECOND EDITION _a347.794'067 |
||
| 245 | _aSURVEYING THE COURTROOM | ||
| 260 |
_aNEW YORK _bA WILEY INTERSCINCE PUBLICATION _c1999 |
||
| 300 | _aXI,183P19CM | ||
| 942 |
_2ddc _cBOOKS _n0 |
||
| 999 |
_c14794 _d14794 |
||